Normal view MARC view
  • Nash S S

Entry Personal Name

Number of records used in: 1

001 - CONTROL NUMBER

  • control field: 211191

003 - CONTROL NUMBER IDENTIFIER

  • control field: OSt

005 - DATE AND TIME OF LATEST TRANSACTION

  • control field: 20250130131852.0

008 - FIXED-LENGTH DATA ELEMENTS

  • fixed length control field: 250130|| aca||aabn | a|a d

040 ## - CATALOGING SOURCE

  • Original cataloging agency: OSt
  • Transcribing agency: OSt

100 ## - HEADING--PERSONAL NAME

  • Personal name: Nash S S

670 ## - SOURCE DATA FOUND

  • Source citation: Work cat.: (OSt)364922: Nash S S, Moodle 4 E-Learning Course Development, 2022